Thermomagnetometric analysis of nickel–zinc ferrites; Journal of Thermal Analysis and Calorimetry; Vol. 142, iss. 102

Bibliografiske detaljer
Parent link:Journal of Thermal Analysis and Calorimetry
Vol. 142, iss. 102.— 2019.— [P. 1775-1781]
Hovedforfatter: Astafyev A. L. Alexander Leonidovich
Institution som forfatter: Национальный исследовательский Томский политехнический университет (ТПУ) Институт неразрушающего контроля (ИНК) Проблемная научно-исследовательская лаборатория электроники, диэлектриков и полупроводников (ПНИЛ ЭДиП)
Andre forfattere: Lysenko E. N. Elena Nikolaevna, Surzhikov A. P. Anatoly Petrovich, Nikolaev E. Evgeniy, Vlasov V. Vitaly
Summary:Title screen
In this paper, magnetic phase transitions of nickel–zinc ferrites (Ni₁₋ₓZnₓFe₂O₄) with a zinc content of 0≤xZn≤0.7 were studied using the thermomagnetometric method, which is a thermogravimetric analysis with a constant magnetic field applied. The studied ferrites were made from oxide powders using ceramic technology. The Curie point was determined from the derivative thermogravimetric curve in the region of magnetic phase transition. The Curie temperature calibration curve was obtained against the degree of doping of nickel ferrite with zinc to detect the magnetic phases by the Curie temperature. Thermal analysis of multicomponent magnetic mixtures that consist of nickel–zinc ferrites with different zinc contents was performed. The dependence of the change in mass during magnetic phase transition on the mass content of the magnetic phase in the ferrite mixture was revealed.
Режим доступа: по договору с организацией-держателем ресурса
Sprog:engelsk
Udgivet: 2019
Fag:
Online adgang:https://doi.org/10.1007/s10973-020-10182-3
Format: MixedMaterials Electronisk Book Chapter
KOHA link:https://koha.lib.tpu.ru/cgi-bin/koha/opac-detail.pl?biblionumber=663020

MARC

LEADER 00000naa0a2200000 4500
001 663020
005 20250421132320.0
035 |a (RuTPU)RU\TPU\network\34189 
035 |a RU\TPU\network\27236 
090 |a 663020 
100 |a 20210120d2019 k||y0rusy50 ba 
101 0 |a eng 
135 |a drcn ---uucaa 
181 0 |a i  
182 0 |a b 
200 1 |a Thermomagnetometric analysis of nickel–zinc ferrites  |f A. L. Astafyev, E. N. Lysenko, A. P. Surzhikov [et al.] 
203 |a Text  |c electronic 
300 |a Title screen 
320 |a [References: 40 tit.] 
330 |a In this paper, magnetic phase transitions of nickel–zinc ferrites (Ni₁₋ₓZnₓFe₂O₄) with a zinc content of 0≤xZn≤0.7 were studied using the thermomagnetometric method, which is a thermogravimetric analysis with a constant magnetic field applied. The studied ferrites were made from oxide powders using ceramic technology. The Curie point was determined from the derivative thermogravimetric curve in the region of magnetic phase transition. The Curie temperature calibration curve was obtained against the degree of doping of nickel ferrite with zinc to detect the magnetic phases by the Curie temperature. Thermal analysis of multicomponent magnetic mixtures that consist of nickel–zinc ferrites with different zinc contents was performed. The dependence of the change in mass during magnetic phase transition on the mass content of the magnetic phase in the ferrite mixture was revealed. 
333 |a Режим доступа: по договору с организацией-держателем ресурса 
461 |t Journal of Thermal Analysis and Calorimetry 
463 |t Vol. 142, iss. 102  |v [P. 1775-1781]  |d 2019 
610 1 |a электронный ресурс 
610 1 |a труды учёных ТПУ 
610 1 |a ferrite 
610 1 |a nickel–zinc ferrite 
610 1 |a X-ray diffraction 
610 1 |a thermogravimetric analysis 
610 1 |a thermomagnetometry 
610 1 |a curie temperature 
610 1 |a литиевый феррит 
610 1 |a термомагнитометрия 
610 1 |a температура Кюри 
610 1 |a термогравиметрический анализ 
700 1 |a Astafyev  |b A. L.  |c specialist in the field of electrical engineering  |c Engineer of Tomsk Polytechnic University  |f 1990-  |g Alexander Leonidovich  |3 (RuTPU)RU\TPU\pers\32986  |9 16831 
701 1 |a Lysenko  |b E. N.  |c Specialist in the field of electrical engineering  |c Professor of Tomsk Polytechnic University, Doctor of technical sciences  |f 1972-  |g Elena Nikolaevna  |3 (RuTPU)RU\TPU\pers\32050  |9 16097 
701 1 |a Surzhikov  |b A. P.  |c physicist  |c Professor of Tomsk Polytechnic University, doctor of physical and mathematical sciences (DSc)  |f 1951-  |g Anatoly Petrovich  |3 (RuTPU)RU\TPU\pers\30237  |9 14617 
701 1 |a Nikolaev  |b E.  |g Evgeniy 
701 1 |a Vlasov  |b V.  |g Vitaly 
712 0 2 |a Национальный исследовательский Томский политехнический университет (ТПУ)  |b Институт неразрушающего контроля (ИНК)  |b Проблемная научно-исследовательская лаборатория электроники, диэлектриков и полупроводников (ПНИЛ ЭДиП)  |3 (RuTPU)RU\TPU\col\19033 
801 2 |a RU  |b 63413507  |c 20210120  |g RCR 
850 |a 63413507 
856 4 |u https://doi.org/10.1007/s10973-020-10182-3 
942 |c CF